000 00865nam a2200229Ia 4500
999 _c56044
_d56044
001 23144
003 GE_BSU
005 20230718105453.0
008 181216s1988||||ge |||||||||||||| ||geo||
040 _cGE_BSU
041 _ageo
080 _a821.111(73)-32 პო-47
100 _aპო, ედგარ
_919405
245 _aმოთხრობები /
_cედგარ პო ; ინგლ. თარგმნა ზაურ კილაძემ ; რედ. ნ. ფხაკაძე.
264 _aთბილისი :
_bმერანი.
_c1988.
300 _a574 გვ. ;
_c20 სმ.
541 _h7 ლ.
653 _aმოთხრობები
700 _aკილაძე, ზაურ
_eმთარგმნელი
_919406
700 _aფხაკაძე, ნ.
_eრედაქტორი
_919407
942 _cBK
_2udc